Workbook in Practical Neonatology. (Record no. 318)

000 -LEADER
fixed length control field 00860nam a22002657a 4500
001 - CONTROL NUMBER
control field 1042076399
003 - CONTROL NUMBER IDENTIFIER
control field OCoLC
005 - DATE AND TIME OF LATEST TRANSACTION
control field 20210419120815.0
008 - FIXED-LENGTH DATA ELEMENTS--GENERAL INFORMATION
fixed length control field 180614s2020 paua bf 001 0 eng
010 ## - LIBRARY OF CONGRESS CONTROL NUMBER
LC control number 2018028784
020 ## - INTERNATIONAL STANDARD BOOK NUMBER
International Standard Book Number 9780323624794
040 ## - CATALOGING SOURCE
Original cataloging agency DLC
Language of cataloging eng
Description conventions rda
Transcribing agency DLC
Modifying agency OCLCO
-- OCLCF
-- OHS
-- OCLCO
-- IBO
-- VET
-- OCLCO
-- YDX
049 ## - LOCAL HOLDINGS (OCLC)
Holding library YYEA
080 ## - UNIVERSAL DECIMAL CLASSIFICATION NUMBER
Universal Decimal Classification number 616-053.3
Item number W-83
245 00 - TITLE STATEMENT
Title Workbook in Practical Neonatology.
Statement of responsibility, etc. / Editors: Richard A. Polin, MD. ; Mervin C. Yoder, MD.
250 ## - EDITION STATEMENT
Edition statement 6th ed.
260 ## - PUBLICATION, DISTRIBUTION, ETC.
Place of publication, distribution, etc. Philadelphia :
Name of publisher, distributor, etc. Elsevier,
Date of publication, distribution, etc. 2020.
300 ## - PHYSICAL DESCRIPTION
Extent 360 p. :
Other physical details ill. ;
590 ## - LOCAL NOTE (RLIN)
Local note c.1 10072731 Ritt 3/6/2019 $99.99.
650 ## - SUBJECT ADDED ENTRY--TOPICAL TERM
General subdivision Neonatology
653 ## - INDEX TERM--UNCONTROLLED
Uncontrolled term ნეონატოლოგია
-- ახალშობილები
700 ## - ADDED ENTRY--PERSONAL NAME
Dates associated with a name Polin, Richard A.
Relator term editor
700 ## - ADDED ENTRY--PERSONAL NAME
Dates associated with a name Yoder, Mervin C.
Relator term editor
942 ## - ADDED ENTRY ELEMENTS (KOHA)
Source of classification or shelving scheme
Koha item type Books
Holdings
Withdrawn status Lost status Source of classification or shelving scheme Damaged status Not for loan Permanent location Current location Date acquired Inventory number Total Checkouts Full call number Barcode Date last seen Price effective from Koha item type
          Ken Walker International University Ken Walker International University 11/21/2020 1136   616-053.3 W-83 1136 11/21/2020 11/21/2020 Books

Powered by Koha